Sanskritik chintan (Record no. 69836)
[ view plain ]
| 000 -LEADER | |
|---|---|
| fixed length control field | 00399nam a22001697a 4500 |
| 008 - FIXED-LENGTH DATA ELEMENTS--GENERAL INFORMATION | |
| fixed length control field | 000000b xxu||||| |||| 00| 0 und d |
| 015 ## - NATIONAL BIBLIOGRAPHY NUMBER | |
| -- | NNB |
| 020 ## - INTERNATIONAL STANDARD BOOK NUMBER | |
| Terms of availability | Rs.60.00 |
| 041 ## - LANGUAGE CODE | |
| Language code of text/sound track or separate title | Nep |
| 082 ## - DEWEY DECIMAL CLASSIFICATION NUMBER | |
| Classification number | N306.09 |
| Item number | P518s |
| -- | N |
| 100 ## - MAIN ENTRY--PERSONAL NAME | |
| Personal name | Panthi, Tikaram |
| 245 ## - TITLE STATEMENT | |
| Title | Sanskritik chintan |
| 260 ## - PUBLICATION, DISTRIBUTION, ETC. | |
| Place of publication, distribution, etc. | Tamghas |
| Name of publisher, distributor, etc. | Kiran Pustakalaya |
| Date of publication, distribution, etc. | 2062 B.S. |
| 300 ## - PHYSICAL DESCRIPTION | |
| Extent | 198p. |
| 650 ## - SUBJECT ADDED ENTRY--TOPICAL TERM | |
| Topical term or geographic name entry element | Culture |
| 942 ## - ADDED ENTRY ELEMENTS (KOHA) | |
| Koha item type | General Collections |
| Source of classification or shelving scheme | Dewey Decimal Classification |
| Withdrawn status | Lost status | Damaged status | Not for loan | Home library | Current library | Date acquired | Total Checkouts | Full call number | Barcode | Date last seen | Price effective from | Koha item type |
|---|---|---|---|---|---|---|---|---|---|---|---|---|
| Tribhuvan University Central Library | Tribhuvan University Central Library | 04/16/2014 | N306.09 P518s | 129729 | 04/16/2014 | 04/16/2014 | General Collections | |||||
| Tribhuvan University Central Library | Tribhuvan University Central Library | 04/16/2014 | N306.09 P518s | 129730 | 04/16/2014 | 04/16/2014 | General Collections |
